Shakespearen tragedy
Estudio realizado por Bradley que trabaja sobre algunos personajes más conocidos de las obras de Shakespeare, donde hace un análisis de sus personalidad y las temáticas que tocan cada uno de ellos. Las principales obras trabajadas en el libro sob Hamlet, Otelo, El rey Lear y Macbeth.
Tallennettuna:
| Päätekijä: | |
|---|---|
| Aineistotyyppi: | Kirja |
| Kieli: | Undetermined |
| Julkaistu: |
New York, Estados Unidos
Fawcett Publications
1967
|
| Painos: | 3 |
| Aiheet: | |
| Tagit: |
Lisää tagi
Ei tageja, Lisää ensimmäinen tagi!
|
MARC
| LEADER | 00000nam a2200000Ia 4500 | ||
|---|---|---|---|
| 008 | 170316s9999 xx 000 0 und d | ||
| 040 | |a cru BVZT | ||
| 090 | |a 820 B-19s | ||
| 100 | |a Bradley, A.C. | ||
| 245 | |a Shakespearen tragedy | ||
| 250 | |a 3 | ||
| 260 | |a New York, Estados Unidos | ||
| 260 | |b Fawcett Publications | ||
| 260 | |c 1967 | ||
| 300 | |a 432 páginas | ||
| 520 | |a Estudio realizado por Bradley que trabaja sobre algunos personajes más conocidos de las obras de Shakespeare, donde hace un análisis de sus personalidad y las temáticas que tocan cada uno de ellos. Las principales obras trabajadas en el libro sob Hamlet, Otelo, El rey Lear y Macbeth. | ||
| 650 | |a LITERATURA INGLESA |9 12 | ||
| 999 | |c 6724 |d 6724 | ||
| 942 | |c 15 D |h 820 B-19s |2 z | ||
